[Event "GER-chT Seniors 25th"]
[Site "Magdeburg"]
[Date "2016.10.13"]
[Round "5.5"]
[White "Ackermann, Hans Werner"]
[Black "Clara, Hans Joachim"]
[Result "1-0"]
[WhiteElo "2360"]
[BlackElo "2324"]
[PlyCount "105"]
[EventDate "2016.10.09"]
[EventType "team-swiss"]
[EventRounds "7"]
[EventCountry "GER"]
[SourceTitle "EXT 2019"]
[Source "ChessBase"]
[SourceDate "2018.10.10"]
[SourceVersion "1"]
[SourceVersionDate "2018.10.10"]
[SourceQuality "1"]
[WhiteTeam "Nordrhein Westfalen"]
[BlackTeam "Hessen"]
[WhiteTeamCountry "GER"]
[BlackTeamCountry "GER"]

1. Nf3 d5 2. b3 c6 3. Bb2 Bg4 4. g3 Bxf3 5. exf3 Nd7 6. d4 Ngf6 7. Qd3 e6 8. Nd2 Bd6 9. f4 0-0 10. Bg2 a5 11. a4 Rb8 12. 0-0 Qc7 13. c4 dxc4 14. bxc4 Bb4 15. Rfc1 Rbd8 16. Nf1 Be7 17. Ne3 Nc5 18. Qc2 Na6 19. f5 Nb4 20. Qb3 exf5 21. Nxf5 Ne8 22. Nxe7+ Qxe7 23. Re1 Qd6 24. Bc3 Nc7 25. Rad1 b6 26. Rd2 Rfe8 27. Red1 Ne6 28. Qb2 f6 29. d5 cxd5 30. Bxb4 Qxb4 31. Qxb4 axb4 32. Bxd5 Kf8 33. Rb2 Rd6 34. Rxb4 Nc5 35. Rdb1 Nd7 36. Rb5 f5 37. Kg2 g6 38. h4 Ke7 39. a5 bxa5 40. Rxa5 Kf6 41. Ra7 h6 42. Rbb7 Rd8 43. Rc7 g5 44. Bf3 Ne5 45. Rh7 Nxf3 46. Rxh6+ Ke5 47. Re7+ Kd4 48. Rxd6+ Rxd6 49. Kxf3 gxh4 50. gxh4 Rh6 51. Kf4 Rxh4+ 52. Kxf5 Kxc4 53. Re4+ 1-0

[Event "WchT Seniors 50"]
[Site "Radebeul"]
[Date "2016.07.03"]
[Round "8.3"]
[White "Strutinskaya, Galina N"]
[Black "Clara, Hans Joachim"]
[Result "1/2-1/2"]
[WhiteElo "2237"]
[BlackElo "2320"]
[PlyCount "20"]
[EventDate "2016.06.26"]
[EventType "team-swiss"]
[EventRounds "9"]
[EventCountry "GER"]
[SourceTitle "CBM 173 Extra"]
[Source "ChessBase"]
[SourceDate "2016.08.29"]
[SourceVersion "1"]
[SourceVersionDate "2016.08.29"]
[SourceQuality "1"]
[WhiteTeam "Russia (Women)"]
[BlackTeam "Hessen Seniors"]
[WhiteTeamCountry "RUS"]
[BlackTeamCountry "GER"]

1. d4 Nf6 2. c4 e6 3. g3 d5 4. Nf3 dxc4 5. Bg2 b5 6. a4 c6 7. b3 cxb3 8. Qxb3 a6 9. 0-0 Bb7 10. Nc3 Nbd7 1/2-1/2

[Event "WchT Seniors 50"]
[Site "Radebeul"]
[Date "2016.07.02"]
[Round "7.7"]
[White "Clara, Hans Joachim"]
[Black "Heidrich, Manfred"]
[Result "1/2-1/2"]
[WhiteElo "2320"]
[BlackElo "2339"]
[PlyCount "27"]
[EventDate "2016.06.26"]
[EventType "team-swiss"]
[EventRounds "9"]
[EventCountry "GER"]
[SourceTitle "CBM 173 Extra"]
[Source "ChessBase"]
[SourceDate "2016.08.29"]
[SourceVersion "1"]
[SourceVersionDate "2016.08.29"]
[SourceQuality "1"]
[WhiteTeam "Hessen Seniors"]
[BlackTeam "Forchheim"]
[WhiteTeamCountry "GER"]
[BlackTeamCountry "GER"]

1. Nf3 f5 2. c4 Nf6 3. g3 g6 4. Bg2 Bg7 5. 0-0 d6 6. Nc3 0-0 7. d3 Nc6 8. Rb1 h6 9. b4 e5 10. b5 Ne7 11. a4 Rb8 12. Ba3 g5 13. Ne1 Be6 14. Nc2 1/2-1/2

[Event "WchT Seniors 50"]
[Site "Radebeul"]
[Date "2016.06.29"]
[Round "4.1"]
[White "Krebs, Johann"]
[Black "Clara, Hans Joachim"]
[Result "1/2-1/2"]
[WhiteElo "2273"]
[BlackElo "2320"]
[PlyCount "22"]
[EventDate "2016.06.26"]
[EventType "team-swiss"]
[EventRounds "9"]
[EventCountry "GER"]
[SourceTitle "CBM 173 Extra"]
[Source "ChessBase"]
[SourceDate "2016.08.29"]
[SourceVersion "1"]
[SourceVersionDate "2016.08.29"]
[SourceQuality "1"]
[WhiteTeam "Graz"]
[BlackTeam "Hessen Seniors"]
[WhiteTeamCountry "AUT"]
[BlackTeamCountry "GER"]

1. d4 Nf6 2. c4 d6 3. Nc3 Nbd7 4. Nf3 g6 5. e4 e5 6. Be2 Bg7 7. 0-0 0-0 8. Qc2 c6 9. Be3 Ng4 10. Bg5 f6 11. Bd2 Qe7 1/2-1/2

[Event "WchT Seniors 50"]
[Site "Radebeul"]
[Date "2016.06.28"]
[Round "3.1"]
[White "Clara, Hans Joachim"]
[Black "Jussupow, Artur"]
[Result "1/2-1/2"]
[WhiteElo "2320"]
[BlackElo "2596"]
[PlyCount "37"]
[EventDate "2016.06.26"]
[EventType "team-swiss"]
[EventRounds "9"]
[EventCountry "GER"]
[SourceTitle "CBM 173 Extra"]
[Source "ChessBase"]
[SourceDate "2016.08.29"]
[SourceVersion "1"]
[SourceVersionDate "2016.08.29"]
[SourceQuality "1"]
[WhiteTeam "Hessen Seniors"]
[BlackTeam "Lasker Gesellschaft"]
[WhiteTeamCountry "GER"]
[BlackTeamCountry "GER"]

1. Nf3 d5 2. c4 e6 3. d4 c6 4. Qc2 Nf6 5. g3 Be7 6. Bg2 0-0 7. 0-0 b6 8. Nbd2 Bb7 9. e4 Na6 10. a3 c5 11. exd5 exd5 12. Rd1 Rc8 13. dxc5 Nxc5 14. b4 Ne6 15. Bb2 dxc4 16. Nxc4 Qc7 17. Rac1 b5 18. Ne3 Qxc2 19. Nxc2 1/2-1/2

[Event "WchT Seniors 50"]
[Site "Radebeul"]
[Date "2016.06.27"]
[Round "2.1"]
[White "Mueller, Michael"]
[Black "Clara, Hans Joachim"]
[Result "1/2-1/2"]
[WhiteElo "2244"]
[BlackElo "2320"]
[PlyCount "74"]
[EventDate "2016.06.26"]
[EventType "team-swiss"]
[EventRounds "9"]
[EventCountry "GER"]
[SourceTitle "CBM 173 Extra"]
[Source "ChessBase"]
[SourceDate "2016.08.29"]
[SourceVersion "1"]
[SourceVersionDate "2016.08.29"]
[SourceQuality "1"]
[WhiteTeam "Stiftung BSW/DBAG II"]
[BlackTeam "Hessen Seniors"]
[WhiteTeamCountry "GER"]
[BlackTeamCountry "GER"]

1. d4 Nf6 2. Nf3 e6 3. Bf4 c5 4. e3 b6 5. Nbd2 Bb7 6. Bd3 Be7 7. 0-0 0-0 8. h3 cxd4 9. exd4 d6 10. Re1 Nbd7 11. c4 d5 12. a3 dxc4 13. Nxc4 Nd5 14. Bh2 N7f6 15. Rc1 b5 16. Nce5 Qb6 17. Qe2 a6 18. g4 Rad8 19. Bg3 Nd7 20. Kh2 Bd6 21. Rc2 Ne7 22. Rec1 Bxf3 23. Nxf3 Bxg3+ 24. fxg3 Nf6 25. Rc5 Qd6 26. Bb1 Nd7 27. R5c3 Nb6 28. Bd3 Qb8 29. Qe4 g6 30. R3c2 Nbd5 31. Rc5 Qd6 32. Qe2 h6 33. Be4 Nf6 34. Bd3 Nd7 35. R5c2 Kg7 36. a4 bxa4 37. Bxa6 Ra8 1/2-1/2

[Event "GER-chT Seniors 24th"]
[Site "Berlin"]
[Date "2015.09.12"]
[Round "7.1"]
[White "Buchal, Stephan"]
[Black "Clara, Hans Joachim"]
[Result "1/2-1/2"]
[WhiteElo "2297"]
[BlackElo "2327"]
[PlyCount "38"]
[EventDate "2015.09.06"]
[EventType "team-swiss"]
[EventRounds "7"]
[EventCountry "GER"]
[SourceTitle "EXT 2018"]
[Source "ChessBase"]
[SourceDate "2017.10.13"]
[SourceVersion "1"]
[SourceVersionDate "2017.10.13"]
[SourceQuality "1"]

1. c4 c5 2. g3 g6 3. Bg2 Bg7 4. Nc3 Nc6 5. Nf3 e6 6. d3 Nge7 7. Bg5 h6 8. Bd2 d5 9. 0-0 b6 10. a3 0-0 11. Rb1 Bb7 12. Qc1 Kh7 13. b4 cxb4 14. axb4 dxc4 15. dxc4 a5 16. b5 Nb4 17. Ng5+ hxg5 18. Bxb7 Ra7 19. Bf3 g4 1/2-1/2

[Event "GER-chT Seniors 24th"]
[Site "Berlin"]
[Date "2015.09.11"]
[Round "6.1"]
[White "Clara, Hans Joachim"]
[Black "Schulz, Michael"]
[Result "1/2-1/2"]
[WhiteElo "2327"]
[BlackElo "2214"]
[PlyCount "21"]
[EventDate "2015.09.06"]
[EventType "team-swiss"]
[EventRounds "7"]
[EventCountry "GER"]
[SourceTitle "EXT 2018"]
[Source "ChessBase"]
[SourceDate "2017.10.13"]
[SourceVersion "1"]
[SourceVersionDate "2017.10.13"]
[SourceQuality "1"]
[WhiteTeam "Hessen Seniors"]
[BlackTeam "Brandenburg"]
[WhiteTeamCountry "GER"]
[BlackTeamCountry "GER"]

1. c4 e5 2. Nc3 Nf6 3. Nf3 Nc6 4. d3 d6 5. g3 Be7 6. Bg2 0-0 7. 0-0 h6 8. Rb1 a5 9. a3 Bg4 10. h3 Be6 11. b4 1/2-1/2

[Event "GER-chT Seniors 24th"]
[Site "Berlin"]
[Date "2015.09.10"]
[Round "5.1"]
[White "Reichenbach, Werner"]
[Black "Clara, Hans Joachim"]
[Result "1/2-1/2"]
[WhiteElo "2214"]
[BlackElo "2327"]
[PlyCount "32"]
[EventDate "2015.09.06"]
[EventType "team-swiss"]
[EventRounds "7"]
[EventCountry "GER"]
[SourceTitle "EXT 2018"]
[Source "ChessBase"]
[SourceDate "2017.10.13"]
[SourceVersion "1"]
[SourceVersionDate "2017.10.13"]
[SourceQuality "1"]
[WhiteTeam "Berlin"]
[BlackTeam "Hessen Seniors"]
[WhiteTeamCountry "GER"]
[BlackTeamCountry "GER"]

1. e4 c5 2. Nf3 d6 3. b3 Nf6 4. Nc3 Nc6 5. Bb5 Bd7 6. Bb2 e6 7. 0-0 Be7 8. Re1 0-0 9. d4 cxd4 10. Nxd4 Qc7 11. Nxc6 Bxc6 12. Bd3 a6 13. Re3 Rfe8 14. Rh3 b5 15. a3 Qb7 16. Qe2 g6 1/2-1/2

[Event "BL2-Sued 1415"]
[Site "Germany"]
[Date "2014.09.21"]
[Round "1.4"]
[White "Felgendreher, Heiko"]
[Black "Clara, Hans Joachim"]
[Result "0-1"]
[WhiteElo "2236"]
[BlackElo "2379"]
[PlyCount "68"]
[EventDate "2014.09.21"]
[EventType "team-tourn"]
[EventRounds "9"]
[EventCountry "GER"]
[SourceTitle "CBM 166 Extra"]
[Source "ChessBase"]
[SourceDate "2015.06.18"]
[SourceVersion "1"]
[SourceVersionDate "2015.06.18"]
[SourceQuality "1"]
[WhiteTeam "Moerlenbach Birkenau"]
[BlackTeam "Buchen"]
[WhiteTeamCountry "GER"]
[BlackTeamCountry "GER"]

1. e4 c5 2. Nf3 e6 3. d4 cxd4 4. Nxd4 a6 5. Nc3 Qc7 6. g3 Nf6 7. Bg2 Be7 8. 0-0 d6 9. f4 Nc6 10. Be3 0-0 11. Qf3 Bd7 12. Nb3 b5 13. g4 g6 14. Rae1 b4 15. Ne2 a5 16. g5 Nh5 17. Ng3 Nxg3 18. Qxg3 a4 19. Nd2 Rae8 20. f5 exf5 21. exf5 Bxf5 22. Rxf5 gxf5 23. Bh3 Ne5 24. Bxf5 d5 25. Kh1 Bd6 26. Rf1 Ng6 27. Qh3 Be5 28. Nf3 Bxb2 29. Nd4 Qe5 30. Rf3 Bxd4 31. Bd2 Bc3 32. Bf4 Qe1+ 33. Rf1 Qxf1+ 34. Qxf1 Re1 0-1

[Event "GER-chA Seniors 26th"]
[Site "Bad Neuenahr"]
[Date "2014.08.08"]
[Round "4"]
[White "Clara, Hans Joachim"]
[Black "Achenbach, Manfred"]
[Result "1/2-1/2"]
[WhiteElo "2379"]
[BlackElo "2124"]
[PlyCount "59"]
[EventDate "2014.08.05"]
[EventType "swiss"]
[EventRounds "9"]
[EventCountry "GER"]
[SourceTitle "EXT 2018"]
[Source "ChessBase"]
[SourceDate "2017.10.13"]
[SourceVersion "1"]
[SourceVersionDate "2017.10.13"]
[SourceQuality "1"]

1. c4 c5 2. g3 g6 3. Bg2 Bg7 4. Nc3 Nc6 5. e3 e5 6. Nge2 Nge7 7. 0-0 0-0 8. d3 Rb8 9. b3 a6 10. Bb2 b5 11. Nd5 d6 12. Qd2 Bb7 13. Nec3 b4 14. Nxe7+ Nxe7 15. Nd5 Nxd5 16. Bxd5 Bxd5 17. cxd5 Qe7 18. Rae1 Qb7 19. e4 a5 20. f4 Qe7 21. f5 a4 22. Qf2 f6 23. Qd2 Qa7 24. Kg2 axb3 25. axb3 Qb7 26. g4 Ra8 27. Ra1 gxf5 28. gxf5 Qf7 29. Qe2 Kh8 30. Kh1 1/2-1/2

[Event "Oberliga Ost-B 9899"]
[Site "Germany"]
[Date "1998.??.??"]
[Round "?"]
[White "Clara, Hans Joachim"]
[Black "Klee, Mario"]
[Result "1/2-1/2"]
[WhiteElo "2370"]
[BlackElo "2145"]
[PlyCount "39"]
[EventDate "1998.10.??"]
[EventType "team"]
[EventRounds "11"]
[EventCountry "GER"]
[SourceTitle "EXT 2000"]
[Source "ChessBase"]
[SourceDate "1999.11.16"]
[SourceVersion "1"]
[SourceVersionDate "1999.11.16"]
[SourceQuality "1"]

1. c4 Nf6 2. Nc3 c5 3. g3 g6 4. Bg2 Bg7 5. e3 0-0 6. Nge2 e6 7. Nf4 Nc6 8. 0-0 a6 9. d4 cxd4 10. exd4 d5 11. cxd5 Nxd5 12. Ncxd5 exd5 13. Be3 Be6 14. Qd2 Qd7 15. Rac1 Rac8 16. Rc5 Ne7 17. Rfc1 b6 18. Rxc8 Rxc8 19. Bf1 a5 20. Bd3 1/2-1/2

[Event "BL2-Sued 9192"]
[Site "Germany"]
[Date "1992.??.??"]
[Round "?"]
[White "Messmer, Martin"]
[Black "Clara, Hans Joachim"]
[Result "0-1"]
[WhiteElo "2340"]
[BlackElo "2360"]
[PlyCount "84"]
[EventDate "1991.10.??"]
[EventType "team-tourn"]
[EventRounds "9"]
[EventCountry "GER"]
[SourceTitle "GER-chT2"]
[Source "ChessBase"]
[SourceDate "1999.07.01"]
[SourceVersion "1"]
[SourceVersionDate "1999.07.01"]
[SourceQuality "1"]

1. d4 e6 2. Nf3 Nf6 3. g3 b6 4. Bg2 Bb7 5. 0-0 Be7 6. c4 0-0 7. Nc3 d5 8. Ne5 Na6 9. cxd5 exd5 10. Bg5 Ne4 11. Bxe7 Qxe7 12. Qa4 Qe6 13. e3 c5 14. Nd3 Rfd8 15. Nf4 Nxc3 16. bxc3 Qd7 17. Qa3 Qc8 18. Rad1 c4 19. Qe7 Qd7 20. Qg5 h6 21. Qh5 Nc7 22. Bh3 Qe7 23. Rfe1 Re8 24. Bg2 Rad8 25. h4 Qf8 26. Qg4 Rd6 27. Qf5 Rf6 28. Qc2 Qa3 29. e4 dxe4 30. d5 Nb5 31. Re3 Qc5 32. Bxe4 Kf8 33. Rde1 Nd6 34. Nh5 Nxe4 35. Nxf6 Nxf6 36. Rxe8+ Nxe8 37. Qh7 Nf6 38. Qh8+ Ng8 39. Re5 Qd6 40. Rf5 Bxd5 41. Kh2 Bb7 42. Rf4 Qd1 0-1

[Event "Bundesliga 9091"]
[Site "Germany"]
[Date "1991.??.??"]
[Round "?.4"]
[White "Kraut, Rainer"]
[Black "Clara, Hans Joachim"]
[Result "0-1"]
[WhiteElo "2425"]
[BlackElo "2430"]
[PlyCount "86"]
[EventDate "1990.10.06"]
[EventType "team-tourn"]
[EventRounds "15"]
[EventCountry "GER"]
[SourceTitle "GER-chT"]
[Source "ChessBase"]
[SourceDate "1999.07.01"]
[SourceVersion "1"]
[SourceVersionDate "1999.07.01"]
[SourceQuality "1"]
[WhiteTeam "Sindelfingen"]
[BlackTeam "Kirchheim"]
[WhiteTeamCountry "GER"]
[BlackTeamCountry "GER"]

1. e4 c5 2. Nf3 d6 3. d4 cxd4 4. Qxd4 a6 5. Bg5 Nc6 6. Qd2 h6 7. Bh4 g5 8. Bg3 Nf6 9. Nc3 Nh5 10. Nd5 Bg7 11. c3 Be6 12. Be2 Rc8 13. Rd1 0-0 14. Qe3 Qa5 15. 0-0 Nxg3 16. hxg3 Bxd5 17. exd5 Ne5 18. Nxe5 Bxe5 19. a3 Qc5 20. Qd3 Kg7 21. Kh1 b5 22. Qf5 a5 23. Bd3 Rh8 24. f4 Bf6 25. Rde1 b4 26. cxb4 axb4 27. a4 b3 28. Re4 Qa5 29. Rfe1 Rc7 30. Rb1 Rc5 31. Bb5 Qd2 32. Re2 Qxd5 33. Qxd5 Rxd5 34. Bc4 Rd4 35. Bxb3 gxf4 36. gxf4 Rxf4 37. Re3 Rh4+ 38. Rh3 Rxh3+ 39. gxh3 Rb8 40. Bd5 e6 41. Rg1+ Kf8 42. Rf1 Ke7 43. Bc6 Rxb2 0-1